000 00309nam a22001337a 4500
008 170327b xxu||||| |||| 00| 0 eng d
020 _a0397546238
041 _aeng
080 _24 ED
_a615.83
100 _a8
101 _aSHM
245 _aPHYSICAL EXAMINATION AND HISTORY TAKING
_cBATES.B
942 _2udc
_cBK
999 _c8705
_d8705